Southville International School and Colleges
Your cart is empty.
  • Cart
  • Lists
    Public lists Eva Luna New books Lux_list list_1
    Your lists Log in to create your own lists
  • Log in to your account
  • Your cookies
  • Search history
Southville International School and Colleges
  • Advanced search
  • Recent comments
  • Most popular
  • Libraries

Log in to your account

Log in with GOOGLE


If you do not have an external account, but do have a local account, you can still log in:

  1. Home
  2. MARC view: Microbiology /
Normal view MARC view ISBD view

Microbiology / (Record no. 25922)

[ view plain ]
MARC details
000 -LEADER
fixed length control field 00498nam a22001697a 4500
005 - DATE AND TIME OF LATEST TRANSACTION
control field 20140310183645.0
008 - FIXED-LENGTH DATA ELEMENTS--GENERAL INFORMATION
fixed length control field 140108b xxu||||| |||| 00| 0 eng d
020 ## - INTERNATIONAL STANDARD BOOK NUMBER
International Standard Book Number 9780397515684
050 ## - LIBRARY OF CONGRESS CALL NUMBER
Classification number QR 62
Item number .St775 2001
100 ## - MAIN ENTRY--PERSONAL NAME
Personal name Strohl, William A.
245 ## - TITLE STATEMENT
Title Microbiology /
Statement of responsibility, etc William A. Strohl.
260 ## - PUBLICATION, DISTRIBUTION, ETC. (IMPRINT)
Place of publication, distribution, etc USA :
Name of publisher, distributor, etc Lippincott's William & Wilkins,
Date of publication, distribution, etc 2001.
300 ## - PHYSICAL DESCRIPTION
Extent 516 p. :
Other physical details ill. ;
Dimensions 28 cm.
650 ## - SUBJECT ADDED ENTRY--TOPICAL TERM
Topical term or geographic name as entry element Microbiology
General subdivision outlines, syllabi, etc.
942 ## - ADDED ENTRY ELEMENTS (KOHA)
Source of classification or shelving scheme Library of Congress Classification
Koha item type Books
Call number prefix Foreign
Holdings
Withdrawn status Lost status Source of classification or shelving scheme Damaged status Home library Current library Shelving location Date acquired Total Checkouts Full call number Barcode Date last seen Date checked out Copy number Price effective from Koha item type
    Library of Congress Classification   College Library College Library General Circulation Section 01/08/2014 3 QR 62 .St775 2001 C1040 05/15/2018 10/11/2017 1 01/08/2014 Books

Microbiology /

APA

Strohl W. A., . (2001). Microbiology. USA: Lippincott's William & Wilkins.

Chicago

Strohl William A, . 2001. Microbiology. USA: Lippincott's William & Wilkins.

Harvard

Strohl W. A., . (2001). Microbiology. USA: Lippincott's William & Wilkins.

MLA

Strohl William A, . Microbiology. USA: Lippincott's William & Wilkins. 2001.

  • Place hold
  • Print
  • Cite
  • Add to your cart (remove)
  • Save record
    BIBTEX Dublin Core MARCXML MARC (non-Unicode/MARC-8) MARC (Unicode/UTF-8) MARC (Unicode/UTF-8, Standard) MODS (XML) RIS
  • More searches
    Search for this title in:
    Other Libraries (WorldCat) Other Databases (Google Scholar) Online Stores (Bookfinder.com) Open Library (openlibrary.org)

Exporting to Dublin Core...

SOUTHVILLE LIBRARY

Southville International School and Colleges Library

1281 Tropical Ave. Cor. Luxembourg St., BF Homes International, Las Pinas City

Tel. No. 8256374 / 252358 Loc. 117/146

Powered by Koha